000
00300nam a2200133Ia 4500
005
20251222144920.0
008
251222s9999||||xx |||||||||||||| ||spa||
020
_a
0-17-556241-5
082
_a
428/H22W
100
_a
Harkess, Shiona
245
0
_a
With Pleasure!:
264
_b
Nelson
942
_c
LIB
999
_c
22701
_d
22701